[Event "Nationale I"]
[Site "Agneaux"]
[Date "2011.11.12"]
[Round "2.4"]
[White "Plachetka, Jan"]
[Black "Barbot, Pierre"]
[Result "1-0"]
[WhiteElo "2372"]
[BlackElo "2266"]
[PlyCount "53"]
[EventDate "2011.11.12"]
[EventType "team"]
[EventCountry "FRA"]
[SourceDate "2011.11.20"]
[WhiteTeam "Issy Moulineaux"]
[BlackTeam "Sautron"]

1. e4 c5 2. Nf3 Nc6 3. Nc3 d6 4. d4 cxd4 5. Nxd4 Nf6 6. Bc4 e6 7. Be3 Be7 8.
O-O O-O 9. Bb3 Bd7 10. f4 Nxd4 11. Bxd4 Bc6 12. Qd3 b5 13. Rad1 Qb8 14. e5 dxe5
15. fxe5 Nd7 16. Qe3 Qb7 17. Rf2 Nb6 18. Ne2 Nd5 19. Qh3 b4 20. c4 bxc3 21.
bxc3 Nb6 22. Nf4 Be4 23. Rdf1 Qc6 24. Nh5 g6 25. Nf6+ Bxf6 26. exf6 Kh8 27.
Bxe6 1-0

[Event "Nationale I"]
[Site "Agneaux"]
[Date "2011.11.12"]
[Round "2.5"]
[White "Stephan, Victor"]
[Black "Wittmann, Marc"]
[Result "1-0"]
[WhiteElo "2313"]
[BlackElo "2223"]
[PlyCount "111"]
[EventDate "2011.11.12"]
[EventType "team"]
[EventCountry "FRA"]
[SourceDate "2011.11.20"]
[WhiteTeam "Sautron"]
[BlackTeam "Issy Moulineaux"]

1. d4 Nf6 2. c4 d6 3. Nf3 Nbd7 4. Nc3 e5 5. e4 Be7 6. Be2 O-O 7. O-O Re8 8. Qc2
c6 9. Rd1 Qc7 10. d5 a6 11. a3 c5 12. Ne1 h6 13. Rb1 Nh7 14. b4 b6 15. Rb2 Nhf8
16. Bd2 Bg5 17. Rdb1 Bxd2 18. Qxd2 Nf6 19. bxc5 bxc5 20. f3 Ra7 $11 21. Bd1 Rb7
22. Ba4 Rxb2 23. Qxb2 N6d7 24. Bc6 Rd8 25. Na4 Qa5 26. Nd3 g6 27. Nb6 Nxb6 28.
Qxb6 Qxb6 29. Rxb6 Nd7 30. Rb3 Kf8 31. Nb2 Ke7 32. Na4 h5 33. h4 f5 34. exf5
gxf5 35. Nb6 Nxb6 36. Rxb6 e4 37. Kf2 Kf6 38. Rb8 Ke7 39. Ke3 exf3 40. gxf3 Rf8
41. Kf4 Rd8 42. a4 a5 43. Ra8 Rf8 44. Rxa5 Kd8 45. Ra7 Rg8 46. Rh7 Rg1 47. Rxh5
Ba6 48. Bb5 Bxb5 49. axb5 Rc1 50. Kxf5 Rxc4 51. Ke6 Kc7 52. Rh7+ Kb6 53. Kxd6
Rf4 54. Rh8 Kxb5 55. Rb8+ Kc4 56. Kc6 1-0

[Event "Nationale I"]
[Site "Agneaux"]
[Date "2011.11.12"]
[Round "2.6"]
[White "Emmenecker, Philippe"]
[Black "Stephan, Jean Marie"]
[Result "0-1"]
[WhiteElo "2217"]
[BlackElo "2220"]
[PlyCount "130"]
[EventDate "2011.11.12"]
[EventType "team"]
[EventCountry "FRA"]
[SourceDate "2011.11.20"]
[WhiteTeam "Issy Moulineaux"]
[BlackTeam "Sautron"]

1. d4 Nf6 2. c4 g6 3. Nc3 d5 4. cxd5 Nxd5 5. Bd2 Nb6 6. e4 Qxd4 7. Qc2 Qd8 8.
Rd1 c6 9. Bf4 N6d7 10. Nf3 Bg7 11. e5 e6 12. Be2 Qa5 13. O-O O-O 14. Qe4 f5 15.
Qe3 Qc5 16. Rd4 Nb6 17. Bg5 Re8 18. Rd8 Qf8 19. Rxe8 Qxe8 20. Nd4 N8d7 21. f4
Nf8 22. h4 h5 23. Rd1 Nd5 24. Qd2 Nh7 25. Nxd5 exd5 26. Bf3 Be6 27. Qa5 Bf7 28.
Qc7 Qc8 29. Qa5 Qd7 30. Kh2 Nf8 31. b4 b6 32. Qa6 Ne6 33. Nxe6 Bxe6 34. a4 Bf8
35. b5 c5 36. a5 Rb8 37. Ra1 c4 38. axb6 axb6 39. Qa7 Qxa7 40. Rxa7 Rc8 41. Rb7
c3 42. Rxb6 c2 43. Rxe6 c1=Q 44. Bxd5 Kh7 45. Rf6 Bg7 46. Rc6 Rxc6 47. Bxc6 Qc5
48. Bf3 Bh6 49. Bxh6 Kxh6 50. g3 Kg7 51. Kg2 Qc2+ 52. Kh3 Qf2 53. Bg2 Kf8 54.
Bd5 Qg1 55. Bg2 Ke7 56. Bd5 Kd7 57. Bg2 Kc7 58. Bd5 Kb6 59. Bg2 Kxb5 60. Bf3
Kb4 61. Bg2 Kc4 62. Bf3 Kd3 63. Bd5 Ke3 64. e6 Kf2 65. Bg2 Qxg2# 0-1

[Event "Nationale I"]
[Site "Agneaux"]
[Date "2011.11.12"]
[Round "2.8"]
[White "Esposito, Marie Christine"]
[Black "Dubois, Marie"]
[Result "1/2-1/2"]
[WhiteElo "2100"]
[BlackElo "1755"]
[PlyCount "134"]
[EventDate "2011.11.12"]
[EventType "team"]
[EventCountry "FRA"]
[SourceDate "2011.11.20"]
[WhiteTeam "Issy Moulineaux"]
[BlackTeam "Sautron"]

1. d4 Nf6 2. Nf3 g6 3. Bf4 Bg7 4. Nbd2 d5 5. h3 O-O 6. e3 c5 7. c3 Nc6 8. Be2
Nd7 9. Nb3 c4 10. Nbd2 e5 11. dxe5 Ndxe5 12. Nxe5 Nxe5 13. Nf3 Nc6 14. O-O Re8
15. Qd2 Be6 16. Rfd1 b5 17. Ng5 Qb6 18. Bf3 Rad8 19. a3 a5 20. Qc1 b4 21. Nxe6
fxe6 22. e4 Qc5 23. Bh6 Bh8 24. exd5 exd5 25. Bg5 Rd7 26. Bg4 Rf7 27. Qd2 bxc3
28. bxc3 Ne5 29. Be3 Qc6 30. Qxd5 Qxd5 31. Rxd5 Nxg4 32. hxg4 Rc8 33. Rc1 Rb7
34. Rxa5 Rb3 35. Rc5 Rxc5 36. Bxc5 Bxc3 37. a4 Kf7 38. a5 Bxa5 39. Rxc4 Rb1+
40. Kh2 Bc7+ 41. g3 Bb6 42. Bxb6 Rxb6 43. Rc7+ Kg8 44. g5 Rb2 45. Kg2 Ra2 46.
Re7 Rb2 47. g4 Rb5 48. f4 Rb3 49. Kf2 Rb2+ 50. Kf3 Rb3+ 51. Re3 Rb1 52. Re2 Kf7
53. f5 Rb4 54. Re4 Rb5 55. Kf4 Rb1 56. Rd4 Rf1+ 57. Ke5 Re1+ 58. Re4 Rg1 59.
Rf4 Re1+ 60. Kd4 Rg1 61. Ke3 gxf5 62. Rxf5+ Kg6 63. Kf3 Rf1+ 64. Ke4 Re1+ 65.
Kf4 Rg1 66. Ke5 Ra1 67. Kf4 Rf1+ 1/2-1/2

[Event "Nationale I"]
[Site "Agneaux"]
[Date "2011.11.13"]
[Round "3.2"]
[White "Jolly, Jean Francois"]
[Black "Plachetka, Jan"]
[Result "1-0"]
[WhiteElo "2387"]
[BlackElo "2372"]
[PlyCount "83"]
[EventDate "2011.11.12"]
[EventType "team"]
[EventCountry "FRA"]
[SourceDate "2011.11.20"]
[WhiteTeam "Agneaux St Lô"]
[BlackTeam "Issy Moulineaux"]

1. e4 e5 2. Nf3 Nc6 3. Bb5 a6 4. Ba4 Nf6 5. O-O Be7 6. Re1 b5 7. Bb3 O-O 8. h3
Bb7 9. d3 d5 10. exd5 Nxd5 11. Nbd2 Na5 12. Nxe5 Nxb3 13. Nxb3 c5 14. Bd2 Qc7
15. Na5 Bf6 16. Nxb7 Bxe5 17. Ba5 Bh2+ 18. Kh1 Qxb7 19. Kxh2 b4 20. Qf3 Rae8
21. Kg1 Qd7 22. a3 Rxe1+ 23. Rxe1 bxa3 24. bxa3 Qa4 25. Qxd5 Qxa5 26. Re5 Qxa3
27. Qxc5 Qc1+ 28. Kh2 Qf4+ 29. g3 Qd2 30. Kg2 g6 31. Re3 a5 32. d4 Rd8 33. Rd3
Qe1 34. d5 Qe4+ 35. Kh2 Qf5 36. Rd2 a4 37. Qa5 Qd7 38. c4 Rc8 39. c5 Qf5 40. d6
Rxc5 41. Qxc5 Qxc5 42. d7 1-0

[Event "Nationale I"]
[Site "Agneaux"]
[Date "2011.11.13"]
[Round "3.3"]
[White "Piankov, Evgenij"]
[Black "Bouget, Alexandre"]
[Result "1-0"]
[WhiteElo "2356"]
[BlackElo "2193"]
[PlyCount "63"]
[EventDate "2011.11.12"]
[EventType "team"]
[EventCountry "FRA"]
[SourceDate "2011.11.20"]
[WhiteTeam "Issy Moulineaux"]
[BlackTeam "Agneaux St Lô"]

1. d4 Nf6 2. Nf3 g6 3. Bg5 Bg7 4. Nbd2 d5 5. e3 O-O 6. c4 Ne4 7. Bh4 Bg4 8. Qb3
Bxf3 9. Nxf3 c5 10. Bd3 Qa5+ 11. Ke2 cxd4 12. Qxb7 Na6 13. Qb5 Qxb5 14. cxb5
Nac5 15. Bxe4 Nxe4 16. Nxd4 Bxd4 17. exd4 Rfb8 18. a4 a6 19. f3 Nf6 20. Bxf6
exf6 21. Rhc1 axb5 22. a5 Rc8 23. Rxc8+ Rxc8 24. Kd3 Kf8 25. a6 Ke7 26. a7 Ra8
27. Kc3 Kd6 28. Kb4 Kc6 29. Ra6+ Kb7 30. Kxb5 f5 31. Rb6+ Kc7 32. Rf6 1-0

[Event "Nationale I"]
[Site "Agneaux"]
[Date "2011.12.13"]
[Round "3.5"]
[White "Wittmann, Marc"]
[Black "Ozenne, Corentin"]
[Result "0-1"]
[WhiteElo "2223"]
[BlackElo "2094"]
[PlyCount "168"]
[EventDate "2011.11.12"]
[EventType "team"]
[EventCountry "FRA"]
[SourceDate "2011.11.20"]
[WhiteTeam "Issy Moulineaux"]
[BlackTeam "Agneaux St Lô"]

1. e4 c5 2. Nf3 d6 3. d4 cxd4 4. Nxd4 Nf6 5. Nc3 e6 6. Be3 Nc6 7. Be2 Be7 8.
O-O O-O 9. f4 Qc7 10. Qe1 a6 11. Qg3 Nxd4 12. Bxd4 b5 13. a3 Bb7 14. Kh1 Bc6
15. Rae1 g6 16. Bd1 Qb7 17. e5 Nd7 18. Bf3 dxe5 19. fxe5 Bc5 20. Bxc5 Nxc5 21.
Bxc6 Qxc6 22. b4 Nd7 23. Ne4 Qxc2 24. Qh4 Kg7 25. Rc1 Qb2 26. Nf6 Nxf6 27.
Qxf6+ Kg8 28. Rc7 Qe2 29. Rxf7 Qxf1+ 30. Qxf1 Rxf7 31. Qe2 Rd8 32. h3 Rd5 33.
Qc2 Rxe5 34. Qc8+ Rf8 35. Qxa6 Re8 36. Qd6 Rd5 37. Qc6 Kf7 38. a4 bxa4 39. Qxa4
e5 40. b5 Rd7 41. Qc4+ Kg7 42. g4 h6 43. h4 e4 44. h5 gxh5 45. gxh5 Rde7 46. b6
e3 47. Qg4+ Kh8 48. Qd4+ Rg7 49. Qa4 Re5 50. Qd1 e2 51. Qd8+ Kh7 52. Qd3+ Kg8
53. Qd8+ Kf7 54. Qd7+ Kf6 55. Qd6+ Kf5 56. Qd3+ Re4 57. Qf3+ Ke5 58. Qc3+ Kf4
59. Qd2+ Ke5 60. Qc3+ Ke6 61. Qc6+ Kf5 62. Qd5+ Kf4 63. Qd2+ Kg4 64. Qe1 Rf7
65. Kg2 Kxh5 66. b7 Rxb7 67. Kg3 Re5 68. Kh3 Kg5 69. Qg3+ Kf6 70. Qe1 h5 71.
Kg3 h4+ 72. Kh3 Kf5 73. Kg2 Kg4 74. Kh2 Re3 75. Kg2 Rf7 76. Qb4+ Rf4 77. Qe1
Rg3+ 78. Kh2 Kf3 79. Qc3+ Kf2 80. Qc1 e1=Q 81. Qxf4+ Rf3 82. Qd4+ Kf1 83. Qg1+
Ke2 84. Qg4 Qg3+ 0-1

[Event "Nationale I"]
[Site "Agneaux"]
[Date "2011.11.13"]
[Round "3.6"]
[White "Auvray, Simon"]
[Black "Emmenecker, Philippe"]
[Result "0-1"]
[WhiteElo "2009"]
[BlackElo "2217"]
[PlyCount "92"]
[EventDate "2011.11.12"]
[EventType "team"]
[EventCountry "FRA"]
[SourceDate "2011.11.20"]
[WhiteTeam "Agneaux St Lô"]
[BlackTeam "Issy Moulineaux"]

1. e4 c5 2. Nf3 Nc6 3. Bb5 g6 4. O-O Bg7 5. c3 Nf6 6. Re1 O-O 7. d4 d5 8. e5
Ne4 9. h3 Qb6 10. Bf1 cxd4 11. cxd4 Bf5 12. Nc3 Rfd8 13. Na4 Qa5 14. a3 b5 15.
Nc3 a6 16. Bf4 Qb6 17. Rc1 Rac8 18. h4 Nxc3 19. bxc3 Na5 20. h5 Nc4 21. hxg6
fxg6 22. Bxc4 Rxc4 23. Nd2 Rc6 24. Nb3 h6 25. Nc5 g5 26. Bd2 e6 27. g4 Bg6 28.
Ra1 Bf8 29. Nb3 Be7 30. Re3 Rf8 31. Rf3 Rcc8 32. Rxf8+ Rxf8 33. Qc1 Be4 34. f4
Qd8 35. a4 gxf4 36. axb5 f3 37. Be3 axb5 38. Bf2 Bg5 39. Qf1 Bf4 40. Qh3 Qg5
41. Qh5 Qg7 42. Kf1 Bd3+ 43. Ke1 Bg6 44. Qh3 b4 45. cxb4 Qb7 46. Nc5 Qb5 0-1

[Event "Nationale I"]
[Site "Agneaux"]
[Date "2011.11.13"]
[Round "3.7"]
[White "Geffroy, Laurent"]
[Black "Auvray, Juliette"]
[Result "1-0"]
[WhiteElo "2233"]
[BlackElo "1977"]
[PlyCount "91"]
[EventDate "2011.11.12"]
[EventType "team"]
[EventCountry "FRA"]
[SourceDate "2011.11.20"]
[WhiteTeam "Issy Moulineaux"]
[BlackTeam "Agneaux St Lô"]

1. d4 Nf6 2. Bg5 Ne4 3. Bf4 d5 4. e3 c5 5. Bd3 Nf6 6. c3 Nc6 7. Nd2 e6 8. Ngf3
Bd6 9. dxc5 Bxc5 10. Qe2 Qe7 11. Bg5 e5 12. e4 d4 13. cxd4 Bxd4 14. Nb3 Bb6 15.
O-O O-O 16. h3 a5 17. a3 h6 18. Be3 Bxe3 19. Qxe3 Rd8 20. Rac1 Be6 21. Nc5 Rac8
22. Na4 Nd7 23. Bb5 Ndb8 24. Qb6 f6 25. Rc3 Qc7 26. Rfc1 Qxb6 27. Nxb6 Rc7 28.
Na4 Rcd7 29. Kh2 Rd1 30. Rxd1 Rxd1 31. Nc5 Bc8 32. Bc4+ Kh7 33. Bd5 Nd7 34.
Nxb7 Bxb7 35. Bxc6 Bxc6 36. Rxc6 Rb1 37. Rc2 Nf8 38. Nh4 Ne6 39. Nf3 Nf4 40.
Rd2 Ne6 41. Rc2 Nf4 42. Nd2 Re1 43. Nc4 a4 44. f3 Rd1 45. Rd2 Rc1 46. Nb6 1-0

[Event "Nationale I"]
[Site "Agneaux"]
[Date "2011.11.13"]
[Round "3.8"]
[White "Bollard, Maxime"]
[Black "Esposito, Marie Christine"]
[Result "0-1"]
[WhiteElo "2006"]
[BlackElo "2100"]
[PlyCount "92"]
[EventDate "2011.11.12"]
[EventType "team"]
[EventCountry "FRA"]
[SourceDate "2011.11.20"]
[WhiteTeam "Agneaux St Lô"]
[BlackTeam "Issy Moulineaux"]

1. d4 Nf6 2. Bg5 Ne4 3. Bf4 d5 4. e3 Nd7 5. Bd3 Ndf6 6. Nd2 Nxd2 7. Qxd2 Nh5 8.
Bg3 Nxg3 9. hxg3 g6 10. Nh3 Bg7 11. O-O-O c6 12. f4 Qb6 13. c4 Bg4 14. c5 Qc7
15. Be2 Bxe2 16. Qxe2 b6 17. Qc2 Rb8 18. b4 a5 19. Kd2 axb4 20. Rb1 bxc5 21.
Qxc5 Rb5 22. Qc2 O-O 23. a4 Rb7 24. Rhc1 Rc8 25. Nf2 Qa5 26. Qc5 Qxa4 27. Ra1
Qb3 28. Rcb1 Qc4 29. Rc1 Qxc5 30. Rxc5 Rb6 31. Nd3 e6 32. Rb1 Bf8 33. Ra5 Rcb8
34. Ra7 b3 35. Ne5 R8b7 36. Rxb7 Rxb7 37. Kc3 Bb4+ 38. Kd3 Ba3 39. Nxc6 b2 40.
Na5 Rb5 41. Nc6 f6 42. Kc2 Kf7 43. Na7 Rb6 44. Nc8 Rb7 45. Rh1 Ke8 46. Kb1 Kd8
0-1

[Event "Nationale I"]
[Site "Agneaux"]
[Date "2011.12.13"]
[Round "3.1"]
[White "Delorme, Axel"]
[Black "Pham Minh, Hoang"]
[Result "1/2-1/2"]
[WhiteElo "2443"]
[BlackElo "2488"]
[PlyCount "125"]
[EventDate "2011.11.12"]
[EventType "team"]
[EventCountry "FRA"]
[SourceDate "2011.11.20"]
[WhiteTeam "Clichy"]
[BlackTeam "Sautron"]

1. d4 d5 2. c4 c6 3. Nc3 Nf6 4. e3 e6 5. Nf3 Nbd7 6. Qc2 Be7 7. a3 O-O 8. b4 a5
9. Rb1 axb4 10. axb4 Qc7 11. c5 e5 12. b5 Re8 13. b6 Qb8 14. Be2 Bf8 15. O-O g6
16. Bd2 Nxc5 17. dxc5 Bf5 18. Qb3 Bxb1 19. Rxb1 Bxc5 20. e4 d4 21. Ng5 Re7 22.
Na4 Bd6 23. f3 Qf8 24. Nh3 Nd7 25. Qc2 Ree8 26. Nf2 Nc5 27. Nxc5 Bxc5 28. Nd3
Bd6 29. Nb2 Ra2 30. Bc4 Raa8 31. Nd3 h6 32. Re1 Ra3 33. Qb2 Ra4 34. Bb3 Ra6 35.
Bc4 Ra4 36. Qc2 Rea8 37. f4 exf4 38. e5 Be7 39. Nxf4 Kh7 40. Rf1 Ra1 41. Bc1
Ba3 42. Nd3 Bxc1 43. Nxc1 Qc5 44. Rxf7+ Kh8 45. Rh7+ Kxh7 46. Bg8+ Rxg8 47.
Qxc5 d3 48. Qc3 Rd8 49. Qxa1 d2 50. Nd3 Rxd3 51. Qd1 Kg7 52. Kf2 Rd5 53. Ke2
Rxe5+ 54. Kd3 Kf7 55. Kc3 Rd5 56. Qf3+ Ke7 57. Qe4+ Kd8 58. Qf3 Ke7 59. Qe3+
Kd8 60. Qf3 Ke7 61. Qe4+ Kf7 62. Qf3+ Kg7 63. Qd1 1/2-1/2

[Event "Nationale I"]
[Site "Agneaux"]
[Date "2011.11.13"]
[Round "3.2"]
[White "Tripoteau, Nicolas"]
[Black "Lagarde, Maxime"]
[Result "0-1"]
[WhiteElo "2478"]
[BlackElo "2392"]
[PlyCount "78"]
[EventDate "2011.11.12"]
[EventType "team"]
[EventCountry "FRA"]
[SourceDate "2011.11.20"]
[WhiteTeam "Sautron"]
[BlackTeam "Clichy"]

1. d4 Nf6 2. Bg5 d5 3. Bxf6 exf6 4. e3 Bd6 5. Bd3 O-O 6. Nd2 Be6 7. c3 Nd7 8.
Qf3 g6 9. g4 Re8 10. Ne2 c5 11. h4 cxd4 12. exd4 b5 13. a3 Nb6 14. Bxb5 Bd7 15.
Bxd7 Qxd7 16. b3 Bxa3 17. Nf1 Qe7 18. Ne3 Rac8 19. Ra2 Bd6 20. Kf1 Qb7 21. Kg2
Re4 22. Qxf6 Qd7 23. Qf3 Rce8 24. Rc2 Qb5 25. Rb1 Rxe3 26. fxe3 Qd3 27. Rf1 f5
28. Rfc1 Rxe3 29. Nf4 fxg4 30. Nxd3 gxf3+ 31. Kf2 Rxd3 32. c4 Nd7 33. c5 Be7
34. c6 Bxh4+ 35. Kf1 Nb6 36. c7 Nc8 37. Rc5 Rxd4 38. Rb5 Re4 39. Rxd5 f2 0-1

[Event "Nationale I"]
[Site "Agneaux"]
[Date "2011.11.13"]
[Round "3.3"]
[White "Mullon, Jean Baptiste"]
[Black "Stephan, Victor"]
[Result "1-0"]
[WhiteElo "2398"]
[BlackElo "2313"]
[PlyCount "69"]
[EventDate "2011.11.12"]
[EventType "team"]
[EventCountry "FRA"]
[SourceDate "2011.11.20"]
[WhiteTeam "Clichy"]
[BlackTeam "Sautron"]

1. e4 c5 2. Nf3 d6 3. d4 cxd4 4. Qxd4 a6 5. Be3 Nc6 6. Qd2 g6 7. Nc3 Nf6 8.
O-O-O Qa5 9. Kb1 Bg7 10. Nd5 Qxd2 11. Rxd2 O-O 12. Bd3 Bg4 13. Bg5 Bxf3 14.
gxf3 Nxd5 15. exd5 Nd4 16. Bxe7 Rfe8 17. Bxd6 Nxf3 18. Re2 Rxe2 19. Bxe2 Nd4
20. Bd3 Rd8 21. Ba3 Rxd5 22. Be4 Rd7 23. Rd1 Rc7 24. Bd6 Rc4 25. Bd5 Rc8 26.
Bxb7 Re8 27. Bxa6 Nf5 28. Bc7 Bd4 29. f3 Re3 30. c3 Bf6 31. a4 Rxf3 32. a5 Ne3
33. Rd7 Rf2 34. Bb5 Rg2 35. a6 1-0

[Event "Nationale I"]
[Site "Agneaux"]
[Date "2011.11.13"]
[Round "3.4"]
[White "Barbot, Pierre"]
[Black "Pujos, Stephane"]
[Result "1-0"]
[WhiteElo "2266"]
[BlackElo "2333"]
[PlyCount "75"]
[EventDate "2011.11.12"]
[EventType "team"]
[EventCountry "FRA"]
[SourceDate "2011.11.20"]
[WhiteTeam "Sautron"]
[BlackTeam "Clichy"]

1. e4 c6 2. d4 Na6 3. Nc3 Nc7 4. Be3 g6 5. Qd2 Bg7 6. O-O-O d6 7. h4 h5 8. Nh3
b5 9. Ng5 Nf6 10. f3 b4 11. Ne2 a5 12. Nf4 e6 13. Bd3 Ng8 14. Qe2 Ne7 15. g4
Nb5 16. gxh5 gxh5 17. d5 Nxd5 18. Bxb5 cxb5 19. exd5 exd5 20. Qxb5+ Qd7 21.
Qxd5 Ra6 22. Qd2 Qa4 23. Kb1 Bxb2 24. Kxb2 Qa3+ 25. Kb1 f6 26. Qd4 Rf8 27. Rd3
Qa4 28. Nh7 Be6 29. Nxf8 Bxa2+ 30. Kc1 Rc6 31. Rh2 Bb3 32. Qb2 Bc4 33. Qxf6 d5
34. Qe5+ Kxf8 35. Rxd5 Qa3+ 36. Kd1 Bxd5 37. Nxd5 Rg6 38. Qf5+ 1-0

[Event "Nationale I"]
[Site "Agneaux"]
[Date "2011.11.13"]
[Round "3.5"]
[White "Kirk, Ezra"]
[Black "Sorin, Baptiste"]
[Result "1-0"]
[WhiteElo "2145"]
[BlackElo "2212"]
[PlyCount "73"]
[EventDate "2011.11.12"]
[EventType "team"]
[EventCountry "FRA"]
[SourceDate "2011.11.20"]
[WhiteTeam "Clichy"]
[BlackTeam "Sautron"]

1. d4 d5 2. c4 e6 3. Nc3 Nf6 4. Nf3 Be7 5. Bg5 O-O 6. e3 b6 7. Bxf6 Bxf6 8.
cxd5 exd5 9. Bd3 Bb7 10. O-O g6 11. Rc1 a6 12. b4 Re8 13. Qb3 Qd6 14. Ne2 Nd7
15. Rc2 c5 16. bxc5 bxc5 17. dxc5 Nxc5 18. Rxc5 Qxc5 19. Qxb7 Reb8 20. Qd7 Rb2
21. Qa4 Rb4 22. Qd1 Rb2 23. a4 Qa5 24. Ned4 Rc8 25. Bc2 Qc3 26. Bb3 Bxd4 27.
Nxd4 Rd2 28. Qf3 Qc1 29. g3 Qc7 30. Qxd5 Rb2 31. Qf3 Rb8 32. Bd5 Kg7 33. Kg2
Rd2 34. Rc1 Qd7 35. Rc6 Rbb2 36. Qf6+ Kf8 37. Rc8+ 1-0

[Event "Nationale I"]
[Site "Agneaux"]
[Date "2011.11.13"]
[Round "3.6"]
[White "Stephan, Jean Marie"]
[Black "Daurelle, Herve"]
[Result "1/2-1/2"]
[WhiteElo "2220"]
[BlackElo "2145"]
[PlyCount "91"]
[EventDate "2011.11.12"]
[EventType "team"]
[EventCountry "FRA"]
[SourceDate "2011.11.20"]
[WhiteTeam "Sautron"]
[BlackTeam "Clichy"]

1. e4 e5 2. Nf3 Nc6 3. Bb5 a6 4. Ba4 Nf6 5. O-O Be7 6. Re1 b5 7. Bb3 d6 8. c3
O-O 9. d4 Bg4 10. Be3 exd4 11. cxd4 Na5 12. Bc2 c5 13. h3 Bh5 14. dxc5 dxc5 15.
Nc3 Nc6 16. e5 Nxe5 17. g4 Nxf3+ 18. Qxf3 Bg6 19. Bxg6 hxg6 20. Rad1 Qc8 21. g5
Nd7 22. Bf4 Bd8 23. Bd6 Bxg5 24. Ne4 Bf6 25. Bxf8 Nxf8 26. Nxf6+ gxf6 27. Qxf6
Nh7 28. Qh4 Qf5 29. Qe4 Qxe4 30. Rxe4 Ng5 31. Re3 c4 32. Kg2 Ne6 33. Kf3 b4 34.
Rc1 Rc8 35. h4 a5 36. Re4 c3 37. bxc3 bxc3 38. Ke3 Rc5 39. Kd3 Rf5 40. Ke3 Rc5
41. a4 Kg7 42. f4 Kf6 43. Re5 Rc4 44. Rxa5 Nc5 45. f5 c2 46. fxg6 $11 1/2-1/2

[Event "Nationale I"]
[Site "Agneaux"]
[Date "2011.11.13"]
[Round "3.7"]
[White "Coste, Thierry"]
[Black "Delorme, Alban"]
[Result "0-1"]
[WhiteElo "2160"]
[BlackElo "2277"]
[PlyCount "92"]
[EventDate "2011.11.12"]
[EventType "team"]
[EventCountry "FRA"]
[SourceDate "2011.11.20"]
[WhiteTeam "Clichy"]
[BlackTeam "Sautron"]

1. e4 c5 2. Nf3 b6 3. Nc3 Bb7 4. d4 cxd4 5. Nxd4 a6 6. Be3 e6 7. Bd3 Qc7 8. O-O
Nf6 9. f4 Bb4 10. e5 Bxc3 11. exf6 Bxd4 12. Bxd4 g6 13. Qe1 Nc6 14. Bc3 h5 15.
Rd1 h4 16. h3 O-O-O 17. a4 d5 18. Qe2 $11 a5 19. Bb5 d4 20. Bxc6 dxc3 21. Bxb7+
Kxb7 22. Qf3+ Qc6 23. Qxc3 Qxa4 24. Qf3+ Qc6 25. Rd3 Rxd3 26. Qxd3 Rh5 27. Kh1
Rd5 28. Qe2 Rf5 29. Rf3 Rxf6 30. Rc3 Qd7 31. Rd3 Qc7 32. Qe4+ Ka7 33. Rc3 Qd6
34. Rd3 Rxf4 35. Rxd6 Rxe4 36. Rd7+ Ka6 37. Rxf7 a4 38. c3 Re2 39. Rf4 b5 40.
Rb4 Ka5 41. Kg1 g5 42. Kf1 Rd2 43. Kg1 e5 44. Kf1 e4 45. Kg1 e3 46. Kf1 Rc2 0-1

[Event "Nationale I"]
[Site "Agneaux"]
[Date "2011.11.13"]
[Round "3.8"]
[White "Dubois, Marie"]
[Black "Bonvalot, Isabelle"]
[Result "1/2-1/2"]
[WhiteElo "1778"]
[BlackElo "1901"]
[PlyCount "198"]
[EventDate "2011.11.12"]
[EventType "team"]
[EventCountry "FRA"]
[SourceDate "2011.11.20"]
[WhiteTeam "Sautron"]
[BlackTeam "Clichy"]

1. d4 g6 2. c4 Bg7 3. Nc3 d6 4. e4 e5 5. d5 f5 6. Bd3 Nf6 7. f3 O-O 8. Nge2 Na6
9. exf5 gxf5 10. O-O Nc5 11. Bc2 Nh5 12. Be3 b6 13. b4 Nb7 14. Rc1 a5 15. a3
axb4 16. axb4 Qe7 17. Qd2 Bd7 18. Rfd1 Kh8 19. Ra1 Rae8 20. Ra7 Bc8 21. Nb5 f4
22. Bf2 Rg8 23. Nec3 Bf6 24. Bd3 Qg7 25. Bf1 Re7 26. Ne4 Rf7 27. Ra8 Bf5 28.
Rxg8+ Qxg8 29. Nbc3 Rf8 30. Qb2 Nd8 31. Ra1 Nf7 32. Ra7 Bd8 33. Qe2 Ng5 34.
Nxg5 Qxg5 35. Ne4 Qg6 36. c5 bxc5 37. bxc5 Rg8 38. Ra6 Be7 39. Be1 Bc8 40. Ra7
Bd8 41. Ba5 dxc5 42. Bxc7 Bxc7 43. Rxc7 Qb6 44. Rc6 Qb3 45. Rh6 Rg6 46. Rxh5
Ba6 47. Qf2 Bxf1 48. Qxf1 Qxd5 49. Qb1 Qd4+ 50. Kh1 Rb6 51. Qg1 Qd3 52. Nf2 Qe2
53. Ng4 e4 54. Qa1+ Qb2 55. Qxb2+ Rxb2 56. h3 e3 57. Re5 c4 58. Nxe3 fxe3 59.
Rxe3 Rb8 60. Rc3 Rc8 61. Kg1 Kg7 62. Kf2 Kf6 63. Ke3 Ke5 64. Rc1 Kd5 65. Rd1+
Kc5 66. Kd2 Re8 67. Re1 Ra8 68. Re5+ Kd4 69. Re4+ Kd5 70. Kc3 Ra3+ 71. Kb2 Rb3+
72. Kc2 Ra3 73. Rg4 Ra2+ 74. Kc3 Ra3+ 75. Kc2 Ra2+ 76. Kc3 Ra3+ 77. Kb2 Rb3+
78. Kc1 Re3 79. Rh4 Re2 80. g4 Kd4 81. g5+ Kd3 82. Rxh7 Re1+ 83. Kb2 c3+ 84.
Ka2 Re5 85. Rd7+ Kc2 86. Ka3 Rxg5 87. Rc7 Rf5 88. h4 Rxf3 89. Rg7 Rd3 90. Rg1
Rd1 91. Rg2+ Rd2 92. Rg1 Rh2 93. Rg4 Kd3 94. Rg3+ Kd2 95. Rg5 Kc2 96. h5 Rh1
97. Rg2+ $11 Kb1 98. Kb3 c2 99. Rxc2 Rxh5 1/2-1/2

[Event "Nationale I"]
[Site "Sautron"]
[Date "2011.12.10"]
[Round "4.1"]
[White "Colin, Vincent"]
[Black "Lubczynski, Rafal"]
[Result "1/2-1/2"]
[WhiteElo "2415"]
[BlackElo "2413"]
[PlyCount "92"]
[EventDate "2011.12.10"]
[EventType "team-match"]
[EventCountry "FRA"]
[SourceDate "2011.11.20"]
[WhiteTeam "Lisieux"]
[BlackTeam "Sautron"]

1. d4 Nf6 2. c4 e6 3. Nc3 Bb4 4. a3 Bxc3+ 5. bxc3 c5 6. e3 d5 7. cxd5 exd5 8.
Bd3 Qc7 9. Ne2 h5 10. f3 h4 11. O-O Nc6 12. e4 cxd4 13. cxd4 h3 14. e5 hxg2 15.
Rf2 Nh5 16. Bg5 Bh3 17. Nc3 Kf8 18. Nxd5 Qd7 19. Be4 Be6 20. Qc1 Ng3 21. Qc5+
Ke8 22. Rb1 Nxe4 23. fxe4 Rc8 24. Rc2 Bxd5 25. exd5 Qh3 26. Rxg2 Qd3 27. Rc1
Rh5 28. Qc3 Qe4 29. dxc6 Rxg5 30. Rxg5 Qf4 31. c7 Qxg5+ 32. Kh1 Qg4 33. Qd3 Qd7
34. Qc4 Rxc7 35. Qxc7 Qd5+ 36. Kg1 Qxd4+ 37. Kf1 Qd3+ 38. Kf2 Qd2+ 39. Kf3 Qd3+
40. Kf4 Qd4+ 41. Kf5 Qd3+ 42. Kf4 Qd4+ 43. Kf3 Qd3+ 44. Kf2 Qd2+ 45. Kf1 Qd3+
46. Ke1 Qe3+ 1/2-1/2

[Event "Nationale I"]
[Site "Sautron"]
[Date "2011.12.10"]
[Round "4.2"]
[White "Stephan, Victor"]
[Black "Decosse, Jean Fabien"]
[Result "0-1"]
[WhiteElo "2313"]
[BlackElo "2210"]
[PlyCount "104"]
[EventDate "2011.12.10"]
[EventType "team-match"]
[EventCountry "FRA"]
[SourceDate "2011.11.20"]
[WhiteTeam "Sautron"]
[BlackTeam "Lisieux"]

1. e4 d6 2. d4 Nf6 3. Nc3 e5 4. Nf3 Nbd7 5. Bc4 Be7 6. O-O O-O 7. Re1 a6 8. a4
b6 9. b3 c6 10. d5 c5 11. g3 Ne8 $11 12. Bf1 g6 13. h4 Ndf6 14. Nd2 Rb8 15. Nc4
a5 16. Nb5 Bd7 17. Bh6 Ng7 18. Nbxd6 Bxd6 19. Nxd6 Bg4 20. f3 Bxf3 21. Nxf7
Bxd1 22. Nxd8 Bxc2 23. Bxg7 Rbxd8 24. Bxf8 Kxf8 25. Bc4 Bxe4 26. Ra2 Kg7 27.
Rae2 Bxd5 28. Rxe5 Bxc4 29. bxc4 Rd4 30. Re6 Rxc4 31. Rxb6 Ne4 32. g4 Kh6 33.
Kg2 Nc3 34. Rb7 Rxg4+ 35. Kh3 Re4 36. Rxe4 Nxe4 37. Rb5 c4 38. Re5 Nf2+ 39. Kg2
Nd3 40. Rxa5 c3 41. Ra8 c2 42. Rc8 c1=Q 43. Rxc1 Nxc1 44. a5 Nd3 45. a6 Nf4+
46. Kf3 Ne6 47. Ke3 Kh5 48. a7 Nc7 49. Kd3 Kxh4 50. Kc4 g5 51. Kc5 g4 52. Kb6
Na8+ 0-1